9 Letter Pokemon names - Statistics

General Stats
  • This quiz has been taken 333 times
    312 since last reset
  • The average score is 34 of 175
Answer Stats
Generation Type Pokémon % Correct
IV Grass/Ice Abomasnow
60%
VI Steel/Ghost Aegislash
46%
I Fire/Flying Charizard
46%
I Water Blastoise
43%
II Water/Fairy Azumarill
36%
I Grass/Poison Bulbasaur
34%
I Dragon/Flying Dragonite
33%
I Dragon Dragonair
30%
IV Rock/Steel Bastiodon
29%
III Bug/Flying Beautifly
29%
I Grass/Poison Vileplume
29%
VII Water/Bug Araquanid
28%
VIII Electric/Ice Arctozolt
26%
I Fighting Hitmonlee
26%
II Grass Chikorita
25%
V Grass/Poison Amoonguss
24%
VIII Water/Ice Arctovish
24%
IX Fire/Psychic Armarouge
24%
II Grass Bellossom
24%
III Fire/Fighting Combusken
24%
II Fire Cyndaquil
24%
III Psychic/Fairy Gardevoir
24%
I Poison/Ground Nidoqueen
24%
VIII Water/Dragon Dracovish
23%
VIII Electric/Dragon Dracozolt
23%
V Dragon Druddigon
23%
I Electric Electrode
23%
I Grass/Psychic Exeggcute
23%
I Grass/Psychic Exeggutor
23%
VI Ghost/Grass Gourgeist
23%
II Fighting Hitmontop
23%
V Water/Ghost Jellicent
23%
I Normal/Flying Pidgeotto
23%
I Water Wartortle
23%
V Water Alomomola
22%
III Water/Dark Crawdaunt
22%
VIII Dragon/Ghost Dragapult
22%
IV Fire/Fighting Infernape
22%
IV Fire Magmortar
22%
I Electric/Steel Magnemite
22%
IV Electric/Steel Magnezone
22%
I Water/Fighting Poliwrath
22%
IX Fire/Ghost Ceruledge
21%
VIII Poison/Dragon Eternatus
21%
II Normal/Psychic Girafarig
21%
I Fire Growlithe
21%
IV Dark/Flying Honchkrow
21%
IV Ice/Ground Mamoswine
21%
III Electric Manectric
21%
III Steel/Psychic Metagross
21%
I Fire Ninetales
21%
I Water Poliwhirl
21%
III Steel Registeel
21%
I Water/Poison Tentacool
21%
IX Electric Bellibolt
20%
IX Fire Charcadet
20%
VII Bug/Electric Charjabug
20%
VII Grass/Ghost Decidueye
20%
VI Normal/Ground Diggersby
20%
II Normal Dunsparce
20%
VIII Steel/Dragon Duraludon
20%
V Ground/Steel Excadrill
20%
V Dark/Dragon Hydreigon
20%
V Grass Serperior
20%
VI Ghost/Grass Trevenant
20%
II Rock/Dark Tyranitar
20%
IV Psychic Chingling
19%
VIII Flying/Water Cramorant
19%
III Electric Electrike
19%
I Normal/Flying Farfetch’d
19%
II Bug/Fighting Heracross
19%
II Normal/Fairy Igglybuff
19%
III Dark Mightyena
19%
II Ice/Ground Piloswine
19%
VIII Fire Cinderace
18%
VI Water Clauncher
18%
VI Water Clawitzer
18%
VIII Rock/Fire Coalossal
18%
IV Psychic Cresselia
18%
V Ice Cryogonal
18%
IX Normal/Psychic Farigiraf
18%
III Water/Ground Marshtomp
18%
V Water/Ground Palpitoad
18%
VI Ghost/Grass Pumpkaboo
18%
IV Normal Regigigas
18%
IV Ground/Rock Rhyperior
18%
III Dragon/Flying Salamence
18%
I Ground Sandslash
18%
IV Normal/Flying Staraptor
18%
VI Fire/Water Volcanion
18%
V Bug/Fire Volcarona
18%
III Normal Zigzagoon
18%
IV Grass Carnivine
17%
V Electric Eelektrik
17%
V Grass/Steel Ferroseed
17%
VII Bug/Water Golisopod
17%
V Psychic Gothorita
17%
VI Electric/Normal Heliolisk
17%
IX Dark/Steel Kingambit
17%
V Steel Klinklang
17%
V Dark/Flying Mandibuzz
17%
III Dark Poochyena
17%
VII Water/Fairy Primarina
17%
IV Rock Rampardos
17%
VIII Electric Regieleki
17%
V Psychic Reuniclus
17%
I Ground Sandshrew
17%
V Bug/Poison Scolipede
17%
IV Ghost/Dark Spiritomb
17%
VI Rock/Dragon Tyrantrum
17%
V Ice Vanillish
17%
V Ice Vanillite
17%
V Ice Vanilluxe
17%
VIII Fighting Clobbopus
16%
VI Water Frogadier
16%
IV Water/Ground Gastrodon
16%
IX Steel/Ghost Gholdengo
16%
IV Ground Hippowdon
16%
IV Ghost Mismagius
16%
VII Poison/Dragon Naganadel
16%
IV Electric Pachirisu
16%
VII Ghost/Ground Palossand
16%
VIII Dragon Regidrago
16%
III Water/Rock Relicanth
16%
IV Bug/Flying Vespiquen
16%
VII Grass Bounsweet
15%
IX Grass Floragato
15%
IX Rock Garganacl
15%
IV Bug Kricketot
15%
V Grass Lilligant
15%
VII Fighting/Ghost Marshadow
15%
VIII Dark/Normal Obstagoon
15%
II Water Octillery
15%
IV Rock/Steel Probopass
15%
VI Grass Quilladin
15%
VIII Grass Rillaboom
15%
VII Ghost/Ground Sandygast
15%
VIII Fire Scorbunny
15%
II Rock Sudowoodo
15%
V Electric/Flying Thundurus
15%
VIII Fighting Zamazenta
15%
V Electric Zebstrika
15%
VIII Psychic/Fairy Hatterene
14%
IX Fighting/Electric Iron Hands
14%
I Normal Lickitung
14%
IX Rock Naclstack
14%
VII Bug/Fighting Pheromosa
14%
IX Water/Fighting Quaquaval
14%
IX Steel/Poison Revavroom
14%
VIII Fighting Sirfetch'd
14%
VIII Ghost Spectrier
14%
VII Rock/Steel Stakataka
14%
V Normal Stoutland
14%
V Rock/Fighting Terrakion
14%
IX Fairy/Steel Tinkatink
14%
IX Fairy/Steel Tinkatuff
14%
IV Poison/Fighting Toxicroak
14%
II Psychic Wobbuffet
14%
VII Electric Xurkitree
14%
VIII Ice Glastrier
13%
VIII Fighting Grapploct
13%
IX Ground/Fighting Great Tusk
13%
VII Grass/Fairy Shiinotic
13%
IV Grass Tangrowth
13%
II Normal Teddiursa
13%
VII Normal/Flying Toucannon
13%
V Normal/Flying Tranquill
13%
VIII Ground/Ghost Runerigus
12%
III Grass Shroomish
12%
VIII Ground Silicobra
12%
IX Dragon/Water Tatsugiri
12%
IX Ground/Grass Toedscool
12%
VII Fighting Passimian
11%
VII Water Pyukumuku
11%
IX Normal Tandemaus
11%
No matching quizzes found
Score Distribution
Percent of People with Each Score
Percentile by Number Answered
Your Score History
You have not taken this quiz since the last reset